Famiglia e cure di comunità. (Record n. 213970)

Dettagli MARC
000 -LEADER
campo di controllo lung. fissa 00891nam a2200229Ia 4500
001 - Numero di controllo
campo di controllo b3399-25825 [4843]
003 - Identificatore del numero di controllo
campo di controllo IT-MiCISF
005 - Data e orario dell'ultima transazione
campo di controllo 20250829133508.0
008 - Elementi di lunghezza fissa--Informazione generale
campo di controllo lung. fissa 161014s9999||||xx |||||||||||||| ||und||
040 ## - Fonte della catalogazione
Agenzia catalografica originale IT-MiCISF
Agenzia che fa la trascrizione IT-MiCISF
041 ## - Codice di lingua
Codice di lingua del testo/traccia sonora o titolo separato it
100 ## - Accesso principale -- nome di persona
Nome di persona Colozzi Ivo, Donati Pierpaolo (a cura di)
9 (RLIN) 62549
245 #0 - Formulazione del titolo
Titolo Famiglia e cure di comunità.
Complemento del titolo Il difficile intreccio fra pubblico, volontariato e reti informali nell'Italia di oggi
260 ## - Pubblicazione, distribuzione, ecc. (stampa)
Luogo di pubblicazione, distribuzione, ecc. Milano,
Nome dell'editore, distributore, ecc. Franco Angeli,
Data di pubblicazione, distribuzione, ecc. 1995
300 ## - Descrizione fisica
Estensione pp. 328
500 ## - Nota generale
Nota generale / famiglia, servizi-sociali, assistenza-sociale, famiglia-con-handicap, anziani, famiglia-monogenitoriale, reti-informali, volontariato, politiche-sociali /
650 ## - Accesso aggiunto di soggetto--termine topico
Termine topico o nome geografico come accesso servizi-alla-persona
654 ## - Accesso aggiunto di soggetto--termini topici faccettati
Termine principale saggio
700 ## - Accesso aggiunto--nome di persona
Nome di persona Donati P., Lanzetti C., Colozzi I., Di Nicola P., Bramanti D., Rossi G.
9 (RLIN) 62550
942 ## - Dati aggiuntivi (Koha)
Tipo copia default (Koha) LIBRO
Fonte della classificazione o dello schema di collocazione (segnatura) Dewey Decimal Classification
999 ## - Sys Number locale (Koha)
Koha Dewey Subclass [OBSOLETE] si
Dati di copia
Ritirato (status) Perso (status) Danneggiato (status) Non per il presito Biblioteca proprietaria Biblioteca in cui si trova Data d'acquisizione Totale prestiti Collocazione Data ultima operazione Prezzo in vigore dal Tipo copia default (Koha) Nota pubblica
    Buone Condizioni Not For Loan CISF - Milano CISF - Milano 14/10/2016   b3399-25825 [4843] 14/10/2016 14/10/2016 LIBRO Data import 15.10.2016 / by Epidotti, Vaglietti
CREDITS: SOCIETA' SAN PAOLO Via A.Severo, 58 - ROMA (RM) & PERIODICI SAN PAOLO SRL Via Giotto, 36 MILANO & CISF Via Giotto, 36 MILANO & EDIZIONI SAN PAOLO SRL,  Piazza Soncino, 5 CINISELLO BALSAMO (MI) -- ITALY